|
|
|
|
| LEADER |
00642nam a2200193 4500 |
| 020 |
|
|
|a 8177581910
|c 265
|
| 082 |
|
|
|a 658.402 WHE
|
| 100 |
|
|
|a Wheelen, Thomas L; Hunger, J David
|
| 245 |
|
|
|a Strategic management and business policy: Concepts
|c Wheelen, Thomas L; Hunger, J David
|
| 250 |
|
|
|a 9 edition
|
| 260 |
|
|
|a Pearson Education
|c 2007
|
| 300 |
|
|
|a 334 p
|
| 490 |
|
|
|
| 500 |
|
|
|
| 590 |
|
|
|a Modern Book Centre
|b MBC-2912/07 dtd 27/03/2008
|
| 650 |
|
|
|a Strategic management
|
| 942 |
|
|
|c BK
|
| 999 |
|
|
|c 140637
|d 140637
|
| 952 |
|
|
|0 0
|1 0
|4 0
|6 658_402000000000000_WHE
|7 0
|9 154097
|a IMK
|b IMK
|g 265.00
|l 0
|o 658.402 WHE
|p IMK07643
|r 2019-10-25
|w 2019-10-25
|y BK
|